| 000 | 01245cab a22002415a 4500 | ||
|---|---|---|---|
| 001 | L160145 | ||
| 008 | 180808e2018 xxk 000 0 eng d | ||
| 035 | _a(Sirsi) u160145 | ||
| 041 | 0 | _aeng | |
| 100 | 1 | _aSandland-Taylor, Simon | |
| 245 | 0 | 0 |
_aNo cause for alarm _h[electronic resource] |
| 260 | _c2018 | ||
| 490 |
_aRICS Property Journal _vJuly-August 2018, 16-18(2)18-20(3) |
||
| 520 | _aEvaluates.the key clauses in British Standards Institution (BSI) revised "BS 5839-1:2017 Fire detection and fire alarm systems for building: Code of practice for design, installation commissioning and maintenance of systems in non-domestic premise" which considers changes to other major fire safety standards including BS EN 54 series for fire alarms and "BS 9991 for fire safety in commercial buildings". It includes additional guidance on multi-sensor detectors, false alarm reduction, new technology for fire detection and alarm systems. | ||
| 650 | 2 | 4 | _aFIRE |
| 650 | 2 | 4 | _aFIRE DETECTION |
| 650 | 2 | 4 | _aFIRE ALARMS |
| 650 | 2 | 4 | _aFIRE SAFETY |
| 651 | 4 |
_aUnited Kingdom _y |
|
| 690 |
_aHealth and safety _96244 |
||
| 856 | 4 | 0 |
_uhttps://issuu.com/ricsmodus/docs/property_journal_july-august_2018 _yAvailable free online via Issuu |
| 942 | _n0 | ||
| 999 |
_c85175 _d85175 |
||